LEADER 01042cam a2200301 7i4500
001 0000036647
005 20210518090000.0
007 ##ta
008 210518s2017 my may
020 # # |a 9770126899000  
040 # # |a MATR 
090 0 0 |a M 330.9   |b KEM 
110 2 # |a Kementerian Kewangan Malaysia 
245 2 0 |a LAPORAN EKONOMI 2017/2018 /   |c KEMENTERIAN KEWANGAN Malaysia. 
264 # 4 |a ♭. 
264 # 0 |a Putrajaya:   |b Ministry of Finance Malaysia,   |c 2017. 
300 # # |a xv, 178 pages:   |b illustrations;   |c 29 cm. 
336 # # |a text  |2 rdacontent 
337 # # |a unmediated  |2 rdamedia 
338 # # |a volume  |2 rdacarrier 
504 # # |a Includes bibliographical references and index 
650 2 0 |a Speeches adresses etc. --   |z Malaysia  
650 2 0 |a Parliamentary practice --   |z Malaysia  
650 2 0 |a Government spending policy --   |z Malaysia  
650 1 0 |a Budget --   |z Malaysia  
651 # 0 |a Malaysia --   |x Economic conditions  
651 # 0 |a Malaysia --   |x Economic conditions --   |x Statictics  
999 |a 0000041453  |b Book  |c Malaysia  |e Business Information Centre